| 000 | 01801nam a2200457 i 4500 | ||
|---|---|---|---|
| 001 | 13102 | ||
| 003 | KOSZ 005 | ||
| 005 | 20200622110124.0 | ||
| 008 | 200401s1965 pl a f 001 0 pol | ||
| 015 | _aPB 1965/9209 | ||
| 040 |
_aWA N _cWA N _dKOSZ 005/RW |
||
| 041 | 1 |
_apol _hrus |
|
| 046 | _k1960 | ||
| 080 | _a621.38 | ||
| 080 | _a537 | ||
| 100 | 1 |
_aGaponov, Viktor Ivanovič _d(1903-1990) _eAutor |
|
| 245 | 1 | 0 |
_aElektronika. _nCz. 2, _pPrzyrządy elektronowe próżniowe i półprzewodnikowe / _cW. I. Gaponow ; [z rosyjskiego tłumaczyli R. Gutowski i A. Kujaszewski]. |
| 246 | 1 |
_iTytuł oryginału: _aÈlektronika. _nČ. 2, _pElektrovakuumnye i poluprovodnikovye pribory. |
|
| 246 | 3 | 0 | _aPrzyrządy elektronowe próżniowe i półprzewodnikowe. |
| 260 |
_aWarszawa : _bPaństwowe Wydawnictwo Naukowe, _c1965. |
||
| 300 |
_a726, [1] stron : _bilustracje, errata ; _c23 cm. |
||
| 336 |
_aTekst _btxt _2rdacontent |
||
| 337 |
_aBez urządzenia pośredniczącego _bn _2rdamedia |
||
| 338 |
_aWolumin _bnc _2rdacarrier |
||
| 380 | _aKsiążki | ||
| 380 | _aPublikacje dydaktyczne | ||
| 388 | _a1901-2000 | ||
| 388 | _a1945-1989 | ||
| 504 | _aBibliografia na stronach [712]-720. Indeks. | ||
| 521 | 8 | _aKsiążka jest podręcznikiem przeznaczonym dla studentów szkół wyższych. | |
| 650 | 7 | _aElektronika | |
| 650 | 7 | _aUrządzenia | |
| 650 | 7 | _aPółprzewodniki | |
| 655 | 7 | _aPodręcznik | |
| 658 | _aInżynieria i technika | ||
| 700 | 1 |
_aGutowski, Ryszard Stanisław _eTłumaczenie |
|
| 700 | 1 |
_aKujaszewski, Aleksander _eTłumaczenie |
|
| 710 | 2 |
_aPaństwowe Wydawnictwo Naukowe _4pbl |
|
| 856 |
_uhttp://koha.tu.koszalin.pl/cgi-bin/koha/opac-detail.pl?biblionumber=13102 _yKatalog online BPK |
||
| 942 |
_2UKD _cKS |
||
| 999 |
_c13102 _d13102 |
||